00508nam a22001817a 450000500170000001000140001702000260003103700230005708200060008010000250008624500450011125000060015626000360016227000690019830000200026794200200028799900190030720260302121752.0 aBACCHEN26 a9789348156914c365.00 bPangram Publishers aN aHardy, Thomas987999 aThe Mayor of Casterbridge/bThomas Hardy a1 aDelhibPangram Publishersc2025 aA 208, 2nd Floor, North Ex Mall, Sector-9, RohinibDelhie110085 a332.pc22cm(pb) 2ddccCHmHARhN c215158d215158